000 00375nam a2200133Ia 4500
003 GCL
008 140319s9999 xx 000 0 ara d
040 _aGCL /
_cGCL
082 0 4 _a225
_bج غ
245 1 0 _aغايات البيان فى معرفة مادات القران
260 _a[S.N] :
_bدار ابو المجد للطباعة ،
_c1990
300 _a268 ص
490 _a
999 _c35553
_d35553